000 02787nam a2200433Ii 4500
001 DIGCOR0204
003 NyNyDIG
006 m o d
007 cr |||||||||||
008 130301s2007 sp a ob 100 0 spa d
020 _z8497492315
020 _z9788497492317
035 _a(OCoLC)656547432
040 _aDGITA
_beng
_epn
_cDGITA
050 1 4 _aPC4625 eBook
111 2 _aCongreso Internacional de Lexicografía Hispánica
_n(1st :
_d2004 :
_cA Coruña, Spain)
245 1 3 _aEl nuevo léxico /
_cMar Campos Souto, Montserrat Muriano Rodríguez, José Ignacio Pérez Pascual (eds.).
264 1 _aA Coruña, Spain :
_bUniversidade da Coruña, Servizo de Publicacións,
_c2007.
300 _a1 online resource (149 pages) :
_bill.
336 _atext
_btxt
_2rdacontent
337 _acomputer
_bc
_2rdamedia
338 _aonline resource
_bcr
_2rdacarrier
490 1 _aAnexos de Revista de Lexicografía ;
_v4.
500 _a"Selección de las ponencias y comunicaciones presentadas al I Congreso Internacional de Lexicografía Hispánica, celebrado en A Coruña del 14 al 18 de septiembre de 2004".
504 _aIncludes bibliographical references.
505 0 _aEl relevo de las palabras / Manuel Seco -- El léxico de la arqueología : propuesta para la elaboración de un diccionario de arqueología / Gonzalo Aguila Escobar -- El léxico del cáncer y su divulgación / María del Carmen Arce -- La incorporación de neologismos en los diccionarios del español del siglo XIX / Dolores Azorín Fernández -- Terminología jurídica básica y léxico común, con especial atención a las contribuiones de terminógrafos y lexicógrafos / Pedro Fernández Bello y M. Nieves de Paula Pombar -- Los neologismos en tres diccionarios actuales / Elvira González García -- Lengua de los medios y terminología de las ciencias de la comunicación : estudio lexicográfico / Humberto Hernández -- Anglicismos en "-ing" : reflexiones sobre un fenómeno en alza / Esher Lorenzo García -- Sobre cinco americanismos como posibles anglicismos / Jun-nosuke Miyoshi -- La adaptación de neologismos en los medios de comunicación en catalán / David Paloma y Albert Rico.
650 0 _aLexicography
_zSpain
_vCongresses.
650 0 _aSpanish language
_xLexicography
_xHistory
_vCongresses.
655 0 _aElectronic books.
700 1 _aCampos Souto, Mar.
700 1 _aMuriano Rodríguez, Montserrat.
700 1 _aPérez-Pascual, José Ignacio.
791 2 _aDigitalia (Firm),
_edistributor.
830 0 _aAnexos de Revista de Lexicografía ;
_v4.
793 0 _gDigitalia eBook Collection:
_aUniversidade da Coruña
856 4 0 _3Digitalia Hispánica
_uhttps://www.digitaliapublishing.com/a/1123/
910 _aPremium Collection: 2007-2012
942 _cRAA
999 _c230013
_d230013